| Tag |
First Indicator |
Second Indicator |
Subfields |
| LEADER |
00000cam a2200000Ia 4500 |
| 001 |
in00002770310 |
| 005 |
20210728124904.0 |
| 006 |
m d |
| 007 |
cr cnu---unuuu |
| 008 |
120618s2012 njua ob 001 0 eng d |
| 019 |
|
|
|a 795808143
|
| 020 |
|
|
|a 1118285964 (electronic bk.)
|
| 020 |
|
|
|a 9781118285961 (electronic bk.)
|
| 020 |
|
|
|z 1118057457 (cloth)
|
| 020 |
|
|
|z 1118286065
|
| 020 |
|
|
|z 9781118057452 (cloth)
|
| 020 |
|
|
|z 9781118286067
|
| 035 |
|
|
|a (OCoLC)795742377
|z (OCoLC)795808143
|
| 035 |
|
|
|a (OCoLC)ocn795742377
|
| 035 |
|
|
|a 4001271
|
| 040 |
|
|
|a CUS
|c CUS
|d DG1
|d N$T
|d TXA
|d UtOrBLW
|
| 049 |
|
|
|a TXAM
|
| 050 |
|
4 |
|a RS420
|b .A935 2012eb
|
| 060 |
1 |
0 |
|a QV 38
|
| 072 |
|
7 |
|a MED
|x 023000
|2 bisacsh
|
| 072 |
|
7 |
|a MED
|x 058170
|2 bisacsh
|
| 072 |
|
7 |
|a MED
|x 071000
|2 bisacsh
|
| 072 |
|
7 |
|a MED
|x 072000
|2 bisacsh
|
| 082 |
0 |
4 |
|a 615/.19
|2 23
|
| 100 |
1 |
|
|a Avdeef, Alex.
|0 http://id.loc.gov/authorities/names/n2003009792
|
| 245 |
1 |
0 |
|a Absorption and drug development :
|b solubility, permeability, and charge state /
|c Alex Avdeef.
|
| 250 |
|
|
|a 2nd ed.
|
| 264 |
|
1 |
|a Hoboken, N.J. :
|b John Wiley & Sons,
|c [2012]
|
| 264 |
|
4 |
|c ©2012
|
| 300 |
|
|
|a 1 online resource (xli, 698 pages) :
|b illustrations
|
| 336 |
|
|
|a text
|b txt
|2 rdacontent
|
| 337 |
|
|
|a computer
|b c
|2 rdamedia
|
| 338 |
|
|
|a online resource
|b cr
|2 rdacarrier
|
| 500 |
|
|
|a Electronic resource.
|
| 504 |
|
|
|a Includes bibliographical references and index.
|
| 505 |
0 |
|
|a Introduction Transport model pKa determination -- Octanol-water partitioning -- Liposome-water partitioning -- Solubility -- Permeability -- Pampa -- Permeability Caco 2/MDCK -- Permeability blood brain barrier.
|
| 588 |
|
|
|a Description based on print version record.
|
| 650 |
1 |
2 |
|a Pharmaceutical Preparations
|x metabolism.
|0 https://id.nlm.nih.gov/mesh/D004364Q000378
|
| 650 |
2 |
2 |
|a Administration, Oral.
|0 https://id.nlm.nih.gov/mesh/D000284
|
| 650 |
2 |
2 |
|a Cell Membrane Permeability.
|0 https://id.nlm.nih.gov/mesh/D002463
|
| 650 |
2 |
2 |
|a Pharmaceutical Preparations
|x chemistry.
|0 https://id.nlm.nih.gov/mesh/D004364Q000737
|
| 650 |
2 |
2 |
|a Structure-Activity Relationship.
|0 https://id.nlm.nih.gov/mesh/D013329
|
| 650 |
|
0 |
|a Adsorption.
|0 http://id.loc.gov/authorities/subjects/sh85001022
|
| 650 |
|
0 |
|a Drug development.
|0 http://id.loc.gov/authorities/subjects/sh97007921
|
| 650 |
|
0 |
|a Drugs
|x Design.
|0 http://id.loc.gov/authorities/subjects/sh88001157
|
| 650 |
|
0 |
|a Drugs
|x Metabolism.
|0 http://id.loc.gov/authorities/subjects/sh85039737
|
| 650 |
|
7 |
|a MEDICAL / Drug Guides.
|2 bisacsh
|
| 650 |
|
7 |
|a MEDICAL / Nursing / Pharmacology.
|2 bisacsh
|
| 650 |
|
7 |
|a MEDICAL / Pharmacology.
|2 bisacsh
|
| 650 |
|
7 |
|a MEDICAL / Pharmacy.
|2 bisacsh
|
| 655 |
|
7 |
|a Electronic books.
|2 local
|
| 830 |
|
0 |
|a Wiley Online Library.
|
| 856 |
4 |
0 |
|u http://proxy.library.tamu.edu/login?url=https://dx.doi.org/10.1002/9781118286067
|z Connect to the full text of this electronic book
|t 0
|
| 948 |
|
|
|a cataloged
|b h
|c 2012/7/3
|d c
|e jlanham
|f 12:18:49 pm
|
| 994 |
|
|
|a C0
|b TXA
|
| 999 |
|
|
|a MARS
|
| 999 |
f |
f |
|s 3f91524e-eb59-3251-86c1-8ea857b4fc48
|i 55348ce7-f79c-3e5e-97d0-c239f586c2f6
|t 0
|
| 952 |
f |
f |
|a Texas A&M University
|b College Station
|c Electronic Resources
|d Available Online
|t 0
|e RS420 .A935 2012eb
|h Library of Congress classification
|
| 998 |
f |
f |
|a RS420 .A935 2012eb
|t 0
|l Available Online
|